| 000 | 00459nam a22001817a 4500 | ||
|---|---|---|---|
| 003 | CEME | ||
| 005 | 20210628210112.0 | ||
| 008 | 210211b xxu||||| |||| 00| 0 eng d | ||
| 020 | _a0-06-500761-1 | ||
| 040 | _c. | ||
| 082 | _a629.246 AUT | ||
| 100 |
_aDupuy, Richard K. Calkins, Micheal T. _978134 |
||
| 245 | _aAutomotive brake systems classroom manual | ||
| 250 | _a2ND | ||
| 260 |
_aHARPER COLLINS _c1995 |
||
| 300 | _aVIII, 338P | ||
| 942 |
_cBK _2ddc |
||
| 999 |
_c583295 _d583295 |
||